Friends Characters by Episodes - Statistics

General Stats
  • This quiz has been taken 137 times
    127 since last reset
  • The average score is 16 of 22
Answer Stats
Episodes Answer % Correct
234 Rachel Green
100%
234 Chandler Bing
99%
234 Joey Tribbiani
99%
234 Monnica Geller
99%
234 Phoebe Buffay
99%
234 Ross Geller
99%
56 Gunther
94%
18 Janice
87%
15 Carol
78%
7 Ben Geller
76%
9 Dr. Richard Burke
76%
20 Jack Geller
76%
14 Emily Waltham
74%
19 Judy Geller
72%
12 Susan Bunch
72%
16 Mike Hannigan
70%
8 Frank Buffay Jr.
44%
7 Mona
39%
8 Charlie Wheeler
38%
7 Tag Jones
37%
7 Julie
29%
11 Estelle Leonard
27%
No matching quizzes found
Score Distribution
Percent of People with Each Score
Percentile by Number Answered
Your Score History
You have not taken this quiz since the last reset